| 000 | 00731nam a2200217 a 4500 | ||
|---|---|---|---|
| 001 | 000035650 | ||
| 005 | 20200930074513.0 | ||
| 008 | 100118s2009 dr 000 0 spa d | ||
| 020 | _a9789993444732 | ||
| 040 |
_aDO-SdBNP _bspa _cBNPHU |
||
| 082 |
_axxx _bG934 |
||
| 100 | 1 |
_aGuerrero Roa, Julio, _d1966- _933206 |
|
| 245 | 1 | 4 |
_aLos distritos municipales : _blegislación - teoría & práctica / _cJulio Guerrero Roa. |
| 250 | _a2a ed. ampl. y act. | ||
| 260 |
_aBonao : _bEditora Dalis, _c2009. |
||
| 300 |
_a443 p. : ; _c25 cm. |
||
| 500 | _aIncluye datos biográficos del autor en la solapa de la cubierta | ||
| 504 | _aBibliografía : p. 429-443 | ||
| 590 | _aLa biblioteca posee 3 ejemplares autografiado | ||
| 049 | _aBNPD | ||
| 999 |
_c35141 _d35141 |
||